<?xml version="1.0" encoding="UTF-8"?>
<record
    xmlns:xsi="http://www.w3.org/2001/XMLSchema-instance"
    xsi:schemaLocation="http://www.loc.gov/MARC21/slim http://www.loc.gov/standards/marcxml/schema/MARC21slim.xsd"
    xmlns="http://www.loc.gov/MARC21/slim">

  <leader>00760nam a22002297a 4500</leader>
  <controlfield tag="005">20251017161825.0</controlfield>
  <datafield tag="010" ind1=" " ind2=" ">
    <subfield code="a">ENG-146310-311</subfield>
  </datafield>
  <datafield tag="020" ind1=" " ind2=" ">
    <subfield code="a">9788194915676(Set of 3 Vol)</subfield>
    <subfield code="c">1398.00</subfield>
  </datafield>
  <datafield tag="035" ind1=" " ind2=" ">
    <subfield code="a">EN-129842-843</subfield>
  </datafield>
  <datafield tag="037" ind1=" " ind2=" ">
    <subfield code="b">DBAD</subfield>
  </datafield>
  <datafield tag="082" ind1=" " ind2=" ">
    <subfield code="a">546.076</subfield>
    <subfield code="2">1</subfield>
  </datafield>
  <datafield tag="100" ind1=" " ind2=" ">
    <subfield code="a">Bhatia, K. N</subfield>
    <subfield code="9">85506</subfield>
  </datafield>
  <datafield tag="245" ind1=" " ind2=" ">
    <subfield code="a">Objective Biology For Neet Exam Conducted By Nta Set Of 3 Vol/</subfield>
    <subfield code="c">K.N Bhatia [and] K. Bhatia</subfield>
  </datafield>
  <datafield tag="250" ind1=" " ind2=" ">
    <subfield code="a">1</subfield>
  </datafield>
  <datafield tag="260" ind1=" " ind2=" ">
    <subfield code="a">New Delhi</subfield>
    <subfield code="b"> S. Dinesh &amp; Co.</subfield>
    <subfield code="c">2025</subfield>
  </datafield>
  <datafield tag="270" ind1=" " ind2=" ">
    <subfield code="b">New Delhi</subfield>
    <subfield code="a">Gali No 3, Mohalla Panjabian, Ansari Road, Darya Ganj</subfield>
    <subfield code="k">011-23250628</subfield>
    <subfield code="m">sdineshbengaluru@rediffmail.com</subfield>
  </datafield>
  <datafield tag="300" ind1=" " ind2=" ">
    <subfield code="a">1439p.</subfield>
    <subfield code="b">28cm(pb)</subfield>
  </datafield>
  <datafield tag="490" ind1=" " ind2=" ">
    <subfield code="v">2,3</subfield>
  </datafield>
  <datafield tag="500" ind1=" " ind2=" ">
    <subfield code="a"> </subfield>
  </datafield>
  <datafield tag="700" ind1=" " ind2=" ">
    <subfield code="a">Bhatia, K. </subfield>
    <subfield code="e">Author</subfield>
    <subfield code="9">85507</subfield>
  </datafield>
  <datafield tag="942" ind1=" " ind2=" ">
    <subfield code="2">ddc</subfield>
    <subfield code="c">EN</subfield>
    <subfield code="h">574.076</subfield>
    <subfield code="m">BHA</subfield>
  </datafield>
  <datafield tag="999" ind1=" " ind2=" ">
    <subfield code="c">212875</subfield>
    <subfield code="d">212875</subfield>
  </datafield>
  <datafield tag="952" ind1=" " ind2=" ">
    <subfield code="0">0</subfield>
    <subfield code="1">0</subfield>
    <subfield code="3">VOL-2</subfield>
    <subfield code="4">0</subfield>
    <subfield code="7">0</subfield>
    <subfield code="8">NFIC</subfield>
    <subfield code="a">M</subfield>
    <subfield code="b">M</subfield>
    <subfield code="d">2025-08-05</subfield>
    <subfield code="e">Delivery of Books Act Division</subfield>
    <subfield code="g">466.00</subfield>
    <subfield code="l">0</subfield>
    <subfield code="o">574.076 BHA</subfield>
    <subfield code="p">EN-129842</subfield>
    <subfield code="r">2025-08-05 00:00:00</subfield>
    <subfield code="t">1</subfield>
    <subfield code="v">466.00</subfield>
    <subfield code="w">2025-08-05</subfield>
    <subfield code="y">EN</subfield>
  </datafield>
  <datafield tag="952" ind1=" " ind2=" ">
    <subfield code="0">0</subfield>
    <subfield code="1">0</subfield>
    <subfield code="3">VOL-3</subfield>
    <subfield code="4">0</subfield>
    <subfield code="7">1</subfield>
    <subfield code="8">NFIC</subfield>
    <subfield code="a">DBAD</subfield>
    <subfield code="b">DBAD</subfield>
    <subfield code="d">2025-08-05</subfield>
    <subfield code="e">Delivery of Books Act Division</subfield>
    <subfield code="g">466.00</subfield>
    <subfield code="l">0</subfield>
    <subfield code="o">574.076 BHA</subfield>
    <subfield code="p">EN-129843</subfield>
    <subfield code="r">2025-08-05 00:00:00</subfield>
    <subfield code="t">1</subfield>
    <subfield code="v">466.00</subfield>
    <subfield code="w">2025-08-05</subfield>
    <subfield code="y">EN</subfield>
  </datafield>
</record>
